00760 2200241 4500001002100000005001500021035002000036007000300056008004100059020002200100082001000122084001600132100002800148245012300176250003000299260003200329300006300361650002200424700001800446520003000464990001200494990001200506INLIS00000000000172420180313104615 a0010-0318000067ta180313 g 0 ind  a978-979-3407-50-0 a297.5 a297.5 ABU p0 aABU, Amr Ahmad Sulaiman1 aPanduan Mendidik Anak Muslim Usia Sekolah :bMetode & Materi Dasar /cAbu Amr Ahmad Sulaiman; penerjemah, Luqman Hakim aed. indonesia.-- cet.9.-- aJakarta :bDarul Haq,c2016 axxiv, 166 hlm. :bilus. ;c21 cm. --Serial buku DH ke-140. aPENDIDIKAN AKHLAK0 aLUQMAN, Hakim abibliografi: hlm. 165-166 a16508 a a16508 b